The Record-Album (BoyGenius) - Statistics

General Stats
  • This quiz has been taken 21 times
  • The average score is 11 of 12
Answer Stats
# Track % Correct
5. Cool About It
100%
6. Not Strong Enough
100%
12. Letter To An Old Poet
94%
7. Revolution 0
94%
9. Satanist
94%
2. $20
88%
3. Emily I'm Sorry
88%
8. Leonard Cohen
88%
4. True Blue
88%
1. Without You Without Them
88%
10. We're In Love
75%
11. Anti-Curse
56%
No matching quizzes found
Score Distribution
Percent of People with Each Score
Percentile by Number Answered
Your Score History
You have not taken this quiz